000 00953nam a2200253 4500
001 13142
003 ES-MaACL
005 20251209063021.0
007 t|
008 000000s1983 sp a ||||0| spa j
016 7 _zIBH8405806527
040 _aIBH
_bspa
_cM-BN-DP
080 _a76 Condé, Miguel:061.43(464.1M.)"1984"
100 0 _aCondé, Miguel,
_d1939-
_940104
245 1 0 _aMiguel Condé
_b: obra gráfica : [exposición] : Salas Picasso, Biblioteca Nacional, diciembre-febrero 1984.
260 _aMadrid :
_bMinisterio de Cultura, Dirección General de Bellas Artes y Archivos,
_cD.L. 1983.
300 _a87 p. :
_bil. neg. y col. ;
_c30 cm.
600 0 4 _aCondé, Miguel,
_d1939-
_vExposiciones
_940105
655 7 _2tgfbne
_9193628
_aCatálogos de exposiciones
710 1 _aEspaña.
_bDirección General de Bellas Artes y Archivos.
_93708
852 _aES-MaACL
_jL-20459
_bR.123436
942 _2udc
999 _c13142
_d13142